| 000 | 00694nam a2200169 a 4500 | ||
|---|---|---|---|
| 008 | 120713s1983 ||||||||||||||||| || u | ||
| 050 | _aHF 1601 Wil | ||
| 100 | _aWilkinson, Endymion | ||
| 245 | 1 | 0 |
_aJapan versus Europe: a history of misunderstanding _cEndymion Wilkinson |
| 260 |
_aHarmondsworth, Middlesex _bPenguin _c1983 |
||
| 300 | _a288p.: ill. | ||
| 500 | _aBibliography | ||
| 650 | _aEUROPE--FOREIGN ECONOMIC RELATIONS--JAPAN | ||
| 650 | _aJAPAN--FOREIGN ECONOMIC RELATIONS--EUROPE | ||
| 650 | _aJAPAN--FOREIGN ECONOMIC RELATIONS | ||
| 995 |
_aSPECIAL COLLECTIONS _e500074 _FCBU-DAG HAMMARSKJOLD INSTITUTE LIBRARY _jDAG HF 1601 Wil _M1 _UAVAILABLE _WSep 21, 2012 _y500074 _ZDHIPS Book Collection |
||
| 999 |
_c333 _d333 |
||